000
00370nam a2200133Ia 4500
003
GCL
008
140319s9999 xx 000 0 ara d
040
_a
GCL /
_c
GCL
082
0
4
_a
910.9
_b
م م
100
1
_a
محمد محمود الصياد
245
1
0
_a
مدخل للجغرافيا الاقليمية /
_c
محمد محمود الصياد
300
_a
321 ص
490
_a
999
_c
37628
_d
37628